E - Commerce: An Indian Perspective Commerce . B.Com (Record no. 11127)

MARC details
000 -LEADER
fixed length control field 00428nam a22001697a 4500
003 - CONTROL NUMBER IDENTIFIER
control field OSt
008 - FIXED-LENGTH DATA ELEMENTS--GENERAL INFORMATION
fixed length control field 220409b ||||| |||| 00| 0 eng d
020 ## - INTERNATIONAL STANDARD BOOK NUMBER
International Standard Book Number 9789389347272
082 ## - DEWEY DECIMAL CLASSIFICATION NUMBER
Classification number 658.8025 JOE
100 ## - MAIN ENTRY--PERSONAL NAME
Personal name JOSEPH, P.T, J. P
245 ## - TITLE STATEMENT
Title E - Commerce: An Indian Perspective Commerce . B.Com
250 ## - EDITION STATEMENT
Edition statement 6th
260 ## - PUBLICATION, DISTRIBUTION, ETC. (IMPRINT)
Place of publication, distribution, etc Delhi
Name of publisher, distributor, etc PHI
Date of publication, distribution, etc 2021
300 ## - PHYSICAL DESCRIPTION
Extent 553
650 ## - SUBJECT ADDED ENTRY--TOPICAL TERM
Topical term or geographic name as entry element Commerce (B.COM) Computer
942 ## - ADDED ENTRY ELEMENTS (KOHA)
Source of classification or shelving scheme Dewey Decimal Classification
Koha item type Text Books
Holdings
Withdrawn status Lost status Source of classification or shelving scheme Damaged status Not for loan Collection code Home library Current library Date acquired Source of acquisition Currency Cost, normal purchase price Bill Number Total Checkouts Full call number Acc. no. / Barcode Date last seen Date last borrowed Actual Cost, discounted price Bill Date Koha item type
    Dewey Decimal Classification     B.Com PIET NCR College Library PIET NCR College Library 01/04/2022 Kirti Prakashan Indian Rup 595.00 IN7 1 658.8025 JOE N2112 16/08/2022 27/04/2022 398.65 09/04/2022 Text Books

Design & Developed by: PIET Central Library
R70 Miles Stone Pattikalyana Samalkha Panipat 132102
mail ID :- [email protected], Phone No:- 0180-2569700 Ex.216